ASP.NET and VB.NET web programming / (Record no. 3640)

MARC details
000 -LEADER
fixed length control field 00703nam a22002292 4500
001 - CONTROL NUMBER
control field 0000012995
005 - DATE AND TIME OF LATEST TRANSACTION
control field 20151217145859.0
008 - FIXED-LENGTH DATA ELEMENTS--GENERAL INFORMATION
fixed length control field 090518s xx 000 0 eng d
020 ## - INTERNATIONAL STANDARD BOOK NUMBER
International Standard Book Number 8131705587 :
040 ## - CATALOGING SOURCE
Original cataloging agency KABU
Transcribing agency KABU
100 1# - MAIN ENTRY--PERSONAL NAME
Personal name Crouch, Matt J.
-- 0000170037
245 10 - TITLE STATEMENT
Title ASP.NET and VB.NET web programming /
Statement of responsibility, etc. Matt J. Crouch.
250 ## - EDITION STATEMENT
Edition statement 1st ed.
260 ## - PUBLICATION, DISTRIBUTION, ETC. (IMPRINT)
Place of publication, distribution, etc. New Delhi :
Name of publisher, distributor, etc. Pearson Education,
Date of publication, distribution, etc. 2002.
300 ## - PHYSICAL DESCRIPTION
Extent xxii, 741 p.
650 #0 - SUBJECT ADDED ENTRY--TOPICAL TERM
Topical term or geographic name as entry element Internet programming.
-- 0000154340
650 #0 - SUBJECT ADDED ENTRY--TOPICAL TERM
Topical term or geographic name as entry element Active server pages.
-- 0000148486
650 #0 - SUBJECT ADDED ENTRY--TOPICAL TERM
Topical term or geographic name as entry element Microsoft Visual BASIC.
-- 0000154360
852 1# - LOCATION
-- p4950 KES
908 ## - PUT COMMAND PARAMETER (RLIN)
Put command parameter 090518
950 ## - LOCAL HOLDINGS (RLIN)
-- 1
Holdings
Withdrawn status Lost status Source of classification or shelving scheme Not for loan Home library Current library Date acquired Total Checkouts Full call number Barcode Date last seen Price effective from Koha item type
    Library of Congress Classification   Kabarak, Main Campus Kabarak, Main Campus 17/12/2015   QA76.625 .C76 2002 c. 1 17590 17/12/2015 17/12/2015 General Collection
Designed with assistance from East African Informatics Ltd